| 000 | 00935cam a2200265 a 4500 | ||
|---|---|---|---|
| 001 | 000002860 | ||
| 005 | 20260317133557.0 | ||
| 008 | 000713s2001 sp b 000 0 spa d | ||
| 020 | _a8430603158 | ||
| 040 |
_aDO-SdBNP _bspa _cBNPHU |
||
| 082 |
_a801.9 _bB468i, 2001 |
||
| 100 | 1 |
_aBenjamin, Walter _d1892-1940 _99078 |
|
| 245 | 1 | 0 |
_aImaginación y sociedad : _biluminaciones I / _cWalter Benjamin ; prólogo, traducción y notas de Jesús Aguirre. |
| 250 | _a3a ed. | ||
| 260 |
_aMadrid : _bTaurus, _c2001. |
||
| 300 |
_a221 p. ; _c21 cm. |
||
| 490 | 1 |
_aPersiles _aTeoría y Crítica Literaria _vno. 47 |
|
| 650 | 4 |
_aCreación (literaria, artística, etc. ) _xAspecto social _99079 |
|
| 650 | 4 |
_aCrítica literaria _93141 |
|
| 650 | 4 |
_aArtes y sociedad _99080 |
|
| 650 | 0 |
_aSociedad _99081 |
|
| 650 | 0 |
_aCultura _989224 |
|
| 700 | 1 |
_aAguirre, Jesús , _eprol. _99082 |
|
| 830 | 4 |
_aPersiles, _pTeoría y crítica literaria ; _vno. 47 _99083 |
|
| 999 |
_c2694 _d2694 |
||